00315nam a2200121Ia 4500008004100000041000800041082001200049100001600061245004500077260003100122300002900153365001100182240624s9999 xx 000 0 und d aeng a920 GAU aGAUR SANJAY aBARACK OBAMA THE CHANGING FACE OF AMERIC c2009aJaipurbBook Enclave av, : 290 : p. : cm. ; 22 cRSb30